000 00269nam a2200121Ia 4500
008 190216s9999||||xx |||||||||||||| ||und||
100 _aJohn M Howic
245 0 _aComplex Analysis
260 _bSpringer Verlag
300 _a260
650 _aMathematics
942 _cBK
999 _c31961
_d31961